00721cam a22001933a 450000100060000000300060000600500170001200800410002904000150007004200070008510000180009224502140011026000290032450600300035351600200038370000530040383000290045685600420048545940PGUSA20140828084054.0140611s2014||||xxu|||||s|||||000 | eng d aPGUSAbeng adc1 aPercy, Thomas10aReliques of Ancient English Poetry, Volume II (of 3) :bConsisting of Old Heroic Ballads, Songs and Other Pieces of Our Earlier Poets Together With Some Few of Later Dateh[electronic resource] /cThomas Percy bProject Gutenberg,c2014 aPublic domain in the USA. aElectronic text1 aWheatley, Henry B.q(Henry Benjamin),d1838-1917 0aProject Gutenbergv4594040uhttp://www.gutenberg.org/ebooks/45940